<?xml version="1.0" encoding="UTF-8"?>
<collection xmlns="http://www.loc.gov/MARC21/slim">
 <record>
  <leader>     na                 </leader>
  <controlfield tag="001">INLIS000000000002277</controlfield>
  <controlfield tag="005">20250929081822</controlfield>
  <datafield tag="035" ind1=" " ind2=" ">
   <subfield code="a">0010-0925000017</subfield>
  </datafield>
  <datafield tag="245" ind1="1" ind2=" ">
   <subfield code="a">AL QUR'AN HADIST KELAS 5 :</subfield>
   <subfield code="b">MODUL AJAR MATERI ESENSIAL /</subfield>
   <subfield code="c">TIM PENULIS KKG</subfield>
  </datafield>
  <datafield tag="100" ind1="0" ind2=" ">
   <subfield code="a">TIM PENULIS KKG</subfield>
  </datafield>
  <datafield tag="300" ind1=" " ind2=" ">
   <subfield code=":"></subfield>
   <subfield code="b">ilus ;</subfield>
   <subfield code="c">17x25 cm</subfield>
  </datafield>
  <datafield tag="260" ind1=" " ind2=" ">
   <subfield code="a">JAWA TENGAH :</subfield>
   <subfield code="b">ALFA MEDIA INSANI,</subfield>
   <subfield code="c">2026</subfield>
  </datafield>
  <datafield tag="082" ind1=" " ind2=" ">
   <subfield code="a">372.84</subfield>
  </datafield>
  <datafield tag="084" ind1=" " ind2=" ">
   <subfield code="a">372.84 TIM a</subfield>
  </datafield>
 </record>
</collection>
